000 00650nam a2200241 a 4500
001 53269
003 BD-RjUL
005 20211209075933.0
008 161004s1986 maua 001 0 eng
020 _a0669045292
035 _a(BD-RjUL)53389
040 _aDLC
_cDLC
_dDLC
_beng
041 _aeng
082 0 0 _a540
_219
_bZUC 1986
100 1 _aZumdahl, Steven S.
_9159229
245 1 0 _aChemistry /
_cSteven S. Zumdahl.
260 _aLexington, Mass. :
_bD.C. Heath,
_cc1986.
300 _axix, 1023, 60, 16 p. :
_bill. ;
_c27 cm.
500 _aIncludes index.
650 0 _aChemistry.
_9159230
942 _2ddc
_cBK
999 _c53269
_d53269